| 000 | 00383nam a2200169Ia 4500 | ||
|---|---|---|---|
| 001 | 481 | ||
| 003 | NUMERAZIONE-ORIGINALE-BRESCIA | ||
| 005 | 20260206230753.0 | ||
| 008 | 260206s9999 xx 000 0 und d | ||
| 100 | _aPasti Umberto | ||
| 245 | 0 | _aL'eta' fiorita | |
| 260 | _aMilano | ||
| 260 | _bIl Saggiatore | ||
| 260 | _c2000 | ||
| 500 | _aScritture | ||
| 942 |
_2ddc _cBK _n0 |
||
| 999 |
_c24266 _d24266 |
||